El clima y las estaciones / (Record no. 131046)

MARC details
000 -CABECERA
campo de control de longitud fija 00683nam a2200205 u 4500
005 - FECHA Y HORA DE LA ÚLTIMA TRANSACCIÓN
campo de control 20240508064305.0
008 - ELEMENTOS DE LONGITUD FIJA--INFORMACIÓN GENERAL
campo de control de longitud fija 080804s2004 cl r 000 0 eng d
020 ## - NÚMERO INTERNACIONAL NORMALIZADO PARA LIBROS
Número Internacional Estándar del Libro 9806437543
035 ## - NÚMERO DE CONTROL DEL SISTEMA
Número de control de sistema UPN01000158932
049 ## - COLECCIÓN
Colección I
050 #4 - SIGNATURA TOPOGRÁFICA DE LA BIBLIOTECA DEL CONGRESO
Número de clasificación QC981.3
Número de documento/Ítem J4.3
100 1# - ASIENTO PRINCIPAL--NOMBRE PERSONAL
Nombre de persona Jeneusse, Albin Michel
9 (RLIN) 31022
245 13 - MENCIÓN DE TÍTULO
Título El clima y las estaciones /
Mención de responsabilidad, etc. Albin Michel Jeneusse ; tr. Mónica Bergna.
260 ## - PUBLICACIÓN, DISTRIBUCIÓN, ETC.
Lugar de publicación, distribución, etc. Bogotá :
Nombre del editor, distribuidor, etc. Playco,
Fecha de publicación, distribución, etc. c2004.
300 ## - DESCRIPCIÓN FÍSICA
Extensión 75 p. :
Otras características físicas il. col.
440 #0 - MENCIÓN DE SERIE/ASIENTO SECUNDARIO--TÍTULO
Título Ciencia de bolsillo ;
Designación de volumen o secuencia 14.
Nombre de parte o sección de la obra Los pequeños científicos : 8-12 años
650 #4 - ASIENTO SECUNDARIO DE MATERIA - TERMINO TEMATICO
Término de materia o nombre geográfico como elemento de entrada CLIMA -
Subdivisión de forma LITERATURA JUVENIL
9 (RLIN) 12491
650 #4 - ASIENTO SECUNDARIO DE MATERIA - TERMINO TEMATICO
Término de materia o nombre geográfico como elemento de entrada Estaciones del año
Subdivisión de forma Literatura infantil
9 (RLIN) 24633
905 ## - TIPO DE MATERIAL
Tipo de material Infantil
Holdings
Estado de retiro Estado de pérdida Fuente del sistema de clasificación o colocación Estado dañado No para préstamo Código de colección Localización permanente Ubicación/localización actual Ubicación en estantería Total de préstamos Clasificación Código de barras Fecha visto por última vez Número de copia Tipo de ítem Koha
    Library of Congress Classification     Infantil Bib. Gregorio Torres Quintero Bib. Gregorio Torres Quintero Sala infantil Planta baja 2 QC981.3 J4.3 259561 31/12/2020 1 Libro